000 00466cam a2200181ua 4500
020 _c6.25
041 _aeng
_h
082 _a515.3
_bGOR/TE
100 _aGorakh, Prasad .
245 _aText book on differential calculus /
_cPrasad Gorakh.
_hTextual Documents
250 _a1 /
_b.
260 _aAllahabad :
_bPothishala private limited Allahabad ,
_c1959.
300 _a300 ; .
365 _a6.25
504 _a
942 _cBK
999 _c2247
_d2247